| 000 | 01195cam a2200229 4500 | ||
|---|---|---|---|
| 001 | WB3719-31 | ||
| 008 | 000000n2001 000 0 eng u | ||
| 035 | _a(Sirsi) u112617 | ||
| 245 | _aNatural justice | ||
| 260 | _c2001 | ||
| 490 |
_aEstates Gazette _v(0119) 12 May 2001, 138(1) |
||
| 520 | _aGives details of cases that have dealt with claims against neighbouring landowners arising out of damage from natural causes. Notes that the courts' findings in these cases indicate that a landowner can be held responsible for dangers arising naturally on his land. In addition, liability for creating a nuisance depends on how forseeable the damage was. Considers in detail the latest decision in this area by CA in "Bybrook Barn Centre Ltd v Kent County Council". In this the court found a highway authority liable for natural flooding. | ||
| 590 | _aWB | ||
| 650 | _aLANDOWNERS | ||
| 650 | _aLIABILITY | ||
| 650 | _aFLOODING | ||
| 650 | _aBYBROOK BARN CENTRE LTD V KENT CC | ||
| 650 | _aRADSTOCK CO-OPERATIVE AND INDUSTRIAL SOCIETY V NORTON-RADSTOCK URBAN DC | ||
| 650 | _aGREENOCK CORPORATION V CALEDONIAN RAILWAY CO | ||
| 690 | _aPROPERTY AND LAND LAW-CASE LAW | ||
| 942 | _n0 | ||
| 999 |
_c67040 _d67040 |
||